Opportunity organizations and threat-induced contention: protest waves in authoritarian settings

Збережено в:
Бібліографічні деталі
Автор: Almeida, Paul
Формат: Книга
Мова:English
Опубліковано: Estados Unidos: AJS 2003
Теги: Додати тег
Немає тегів, Будьте першим, хто поставить тег для цього запису!

MARC

LEADER 00000nam a22000007a 4500
003 cru CRAI/IIS
005 20200113132708.0
008 200113b2003 eu ||||| |||| 00| 0 eng d
999 |c 42823  |d 42823 
040 |c cru CRAI/IIS 
100 1 |9 1762  |a Almeida, Paul 
245 |a Opportunity organizations and threat-induced contention: protest waves in authoritarian settings 
260 |a Estados Unidos:  |b AJS  |c 2003 
500 |a Es un artículo de revista 
942 |2 ddc  |c LI